000
00255nam a22001097a 4500
082
_a
643.7 AUD'T
100
_a
THEODORE
_9
60492
245
_a
AUDELS DO-IT-YOURSELF ENCYCLOPEDIA VOL-2
260
_a
NEWYORK
_b
THEODORE
_c
1960
300
_a
1012P
942
_c
BK
999
_c
570197
_d
570197